RANCANGAN MALAYSIA KEDUA BELAS : PROJEK PENILAIAN POTENSI SUMBER UNSUR NADIR BUMI : KAJIAN PENILAIAN POTENSI SUMBER UNSUR NADIR BUMI DI BUKIT BERIKUK, DAERAH SIMUNJAN, SARAWAK / Oleh : LEDYHERNANDO TANIOU, YUSOF BIN IMBUN, JAITHIST JOHN (Record no. 27285)

000 -LEADER
fixed length control field 00911nam a22001817a 4500
008 - FIXED-LENGTH DATA ELEMENTS--GENERAL INFORMATION
fixed length control field 260514b ||||| |||| 00| 0 eng d
082 04 - DEWEY DECIMAL CLASSIFICATION NUMBER
Classification number 553.494595
100 00 - MAIN ENTRY--PERSONAL NAME
Personal name Ledyhernando Taniou
245 10 - TITLE STATEMENT
Title RANCANGAN MALAYSIA KEDUA BELAS : PROJEK PENILAIAN POTENSI SUMBER UNSUR NADIR BUMI : KAJIAN PENILAIAN POTENSI SUMBER UNSUR NADIR BUMI DI BUKIT BERIKUK, DAERAH SIMUNJAN, SARAWAK / Oleh : LEDYHERNANDO TANIOU, YUSOF BIN IMBUN, JAITHIST JOHN
250 ## - EDITION STATEMENT
Edition statement NO. LAPORAN : JMG. SWK (REE) 1/2024
260 ## - PUBLICATION, DISTRIBUTION, ETC.
Place of publication, distribution, etc. Kuching, Sarawak :
Name of publisher, distributor, etc. Jabatan Mineral dan Geosains Malaysia Sarawak,
Date of publication, distribution, etc. 2024
300 ## - PHYSICAL DESCRIPTION
Extent xi, 62 pages :
Other physical details some colour illustrations ;
Dimensions 30 cm
650 10 - SUBJECT ADDED ENTRY--TOPICAL TERM
General subdivision Rare earth elements
Geographic subdivision Malaysia
-- Sarawak
650 20 - SUBJECT ADDED ENTRY--TOPICAL TERM
General subdivision Geological surveys
Geographic subdivision Malaysia
-- Sarawak
650 20 - SUBJECT ADDED ENTRY--TOPICAL TERM
General subdivision Mineral resources
Geographic subdivision Malaysia
-- Sarawak
650 20 - SUBJECT ADDED ENTRY--TOPICAL TERM
General subdivision Mineral exploration
Geographic subdivision Malaysia
-- Sarawak
942 ## - ADDED ENTRY ELEMENTS (KOHA)
Source of classification or shelving scheme
Edition 22
Classification part 553.494595
Holdings
Withdrawn status Lost status Source of classification or shelving scheme Damaged status Not for loan Collection code Permanent Location Current Location Date acquired Total Checkouts Full call number Date last seen Price effective from Koha item type
Available         Open Shelf JMG IBUPEJABAT JMG IBUPEJABAT 14/05/2026   553.494595 LED 14/05/2026 14/05/2026 Reports